<?xml version="1.0" encoding="UTF-8"?>
<record
    xmlns:xsi="http://www.w3.org/2001/XMLSchema-instance"
    xsi:schemaLocation="http://www.loc.gov/MARC21/slim http://www.loc.gov/standards/marcxml/schema/MARC21slim.xsd"
    xmlns="http://www.loc.gov/MARC21/slim">

  <leader>00586    a2200217   4500</leader>
  <controlfield tag="001">11210</controlfield>
  <datafield tag="020" ind1=" " ind2=" ">
    <subfield code="a">9788516063047</subfield>
  </datafield>
  <datafield tag="041" ind1=" " ind2=" ">
    <subfield code="a">por</subfield>
  </datafield>
  <datafield tag="082" ind1=" " ind2=" ">
    <subfield code="a">P Year 5 808</subfield>
  </datafield>
  <datafield tag="250" ind1=" " ind2=" ">
    <subfield code="a">. ed.</subfield>
  </datafield>
  <datafield tag="490" ind1=" " ind2=" ">
    <subfield code="a">Biblioteca Ruth Rocha. S&#xE9;rie Vou te contar</subfield>
  </datafield>
  <datafield tag="697" ind1=" " ind2=" ">
    <subfield code="a">Literatura infanto-juvenil</subfield>
  </datafield>
  <datafield tag="830" ind1=" " ind2=" ">
    <subfield code="a">Biblioteca Ruth Rocha. S&#xE9;rie Vou te contar</subfield>
  </datafield>
  <datafield tag="856" ind1=" " ind2=" ">
    <subfield code="u">00000a/00000abd.jpeg</subfield>
  </datafield>
  <datafield tag="040" ind1=" " ind2=" ">
    <subfield code="a">BR-BrIDEA</subfield>
    <subfield code="c">BR-BrIDEA</subfield>
  </datafield>
  <datafield tag="090" ind1=" " ind2=" ">
    <subfield code="a">P Year 5 808</subfield>
    <subfield code="b">ROC</subfield>
  </datafield>
  <datafield tag="100" ind1=" " ind2=" ">
    <subfield code="a">Rocha, Ruth</subfield>
    <subfield code="d">1931</subfield>
  </datafield>
  <datafield tag="245" ind1="1" ind2="0">
    <subfield code="a">O amigo do rei</subfield>
    <subfield code="c"> Rut Rocha</subfield>
  </datafield>
  <datafield tag="260" ind1=" " ind2=" ">
    <subfield code="a">S&#xE3;o Paulo</subfield>
    <subfield code="b">Salamandra</subfield>
    <subfield code="c">2009</subfield>
  </datafield>
  <datafield tag="942" ind1=" " ind2=" ">
    <subfield code="c">BK</subfield>
  </datafield>
  <datafield tag="952" ind1=" " ind2=" ">
    <subfield code="0">0</subfield>
    <subfield code="1">0</subfield>
    <subfield code="4">0</subfield>
    <subfield code="7">0</subfield>
    <subfield code="a">87.1</subfield>
    <subfield code="b">CPL</subfield>
    <subfield code="d">2023-11-21</subfield>
    <subfield code="l">5</subfield>
    <subfield code="o">LI 028.5 ROC AMI</subfield>
    <subfield code="p">1858/AQU</subfield>
    <subfield code="r">2023-11-21 15:31:07</subfield>
    <subfield code="s">2023-11-21</subfield>
    <subfield code="w">2023-11-21</subfield>
    <subfield code="y">BK</subfield>
  </datafield>
  <datafield tag="952" ind1=" " ind2=" ">
    <subfield code="0">0</subfield>
    <subfield code="1">0</subfield>
    <subfield code="4">0</subfield>
    <subfield code="7">0</subfield>
    <subfield code="a">87.1</subfield>
    <subfield code="b">CPL</subfield>
    <subfield code="d">2023-11-21</subfield>
    <subfield code="l">1</subfield>
    <subfield code="o">LI 028.5 ROC VIV</subfield>
    <subfield code="p">2602/AQU</subfield>
    <subfield code="r">2023-11-21 15:26:09</subfield>
    <subfield code="s">2023-11-21</subfield>
    <subfield code="w">2023-11-21</subfield>
    <subfield code="y">BK</subfield>
  </datafield>
  <datafield tag="952" ind1=" " ind2=" ">
    <subfield code="0">0</subfield>
    <subfield code="1">0</subfield>
    <subfield code="4">0</subfield>
    <subfield code="7">0</subfield>
    <subfield code="a">87.1</subfield>
    <subfield code="b">87.1</subfield>
    <subfield code="d">2023-11-21</subfield>
    <subfield code="l">0</subfield>
    <subfield code="o">LI 028.5 ROC VIV</subfield>
    <subfield code="p">2603/AQU</subfield>
    <subfield code="r">2023-11-21 15:11:11</subfield>
    <subfield code="w">2023-11-21</subfield>
    <subfield code="y">BK</subfield>
  </datafield>
  <datafield tag="952" ind1=" " ind2=" ">
    <subfield code="0">0</subfield>
    <subfield code="1">0</subfield>
    <subfield code="4">0</subfield>
    <subfield code="7">0</subfield>
    <subfield code="a">91.4</subfield>
    <subfield code="b">91.4</subfield>
    <subfield code="d">2023-11-21</subfield>
    <subfield code="l">0</subfield>
    <subfield code="o">LI 028.5 R672o ROC AMI</subfield>
    <subfield code="p">213/BEL</subfield>
    <subfield code="r">2024-08-02 11:27:37</subfield>
    <subfield code="w">2023-11-21</subfield>
    <subfield code="y">BK</subfield>
  </datafield>
  <datafield tag="952" ind1=" " ind2=" ">
    <subfield code="0">0</subfield>
    <subfield code="1">0</subfield>
    <subfield code="4">0</subfield>
    <subfield code="7">0</subfield>
    <subfield code="a">91.4</subfield>
    <subfield code="b">91.4</subfield>
    <subfield code="d">2023-11-21</subfield>
    <subfield code="l">0</subfield>
    <subfield code="o">LI 028.5 R672o ROC AMI</subfield>
    <subfield code="p">3172/BEL</subfield>
    <subfield code="r">2023-11-21 17:39:41</subfield>
    <subfield code="w">2023-11-21</subfield>
    <subfield code="y">BK</subfield>
  </datafield>
  <datafield tag="952" ind1=" " ind2=" ">
    <subfield code="0">0</subfield>
    <subfield code="1">0</subfield>
    <subfield code="4">0</subfield>
    <subfield code="7">0</subfield>
    <subfield code="a">88.1</subfield>
    <subfield code="b">88.1</subfield>
    <subfield code="d">2023-11-21</subfield>
    <subfield code="l">0</subfield>
    <subfield code="o">028.5 ROC AMI</subfield>
    <subfield code="p">3965/ITA</subfield>
    <subfield code="r">2023-11-21 20:05:32</subfield>
    <subfield code="w">2023-11-21</subfield>
    <subfield code="y">BK</subfield>
  </datafield>
  <datafield tag="952" ind1=" " ind2=" ">
    <subfield code="0">0</subfield>
    <subfield code="1">0</subfield>
    <subfield code="2">ddc</subfield>
    <subfield code="4">0</subfield>
    <subfield code="7">0</subfield>
    <subfield code="a">12.27</subfield>
    <subfield code="b">12.27</subfield>
    <subfield code="d">2016-02-26</subfield>
    <subfield code="l">0</subfield>
    <subfield code="o">AP Year 5 808 ROC</subfield>
    <subfield code="p">00019499AGC</subfield>
    <subfield code="r">2024-01-23 14:31:01</subfield>
    <subfield code="w">2024-01-23</subfield>
    <subfield code="y">BK</subfield>
  </datafield>
  <datafield tag="952" ind1=" " ind2=" ">
    <subfield code="0">0</subfield>
    <subfield code="1">0</subfield>
    <subfield code="2">ddc</subfield>
    <subfield code="4">0</subfield>
    <subfield code="7">0</subfield>
    <subfield code="a">12.28</subfield>
    <subfield code="b">12.28</subfield>
    <subfield code="d">2015-02-06</subfield>
    <subfield code="l">0</subfield>
    <subfield code="o">P Year 5 808</subfield>
    <subfield code="p">00013214SSW</subfield>
    <subfield code="r">2024-01-23 14:31:01</subfield>
    <subfield code="w">2024-01-23</subfield>
    <subfield code="y">BK</subfield>
  </datafield>
  <datafield tag="952" ind1=" " ind2=" ">
    <subfield code="0">0</subfield>
    <subfield code="1">0</subfield>
    <subfield code="2">ddc</subfield>
    <subfield code="4">0</subfield>
    <subfield code="7">0</subfield>
    <subfield code="a">12.28</subfield>
    <subfield code="b">12.28</subfield>
    <subfield code="d">2014-06-06</subfield>
    <subfield code="l">0</subfield>
    <subfield code="o">P Year 5 808</subfield>
    <subfield code="p">00009275SSW</subfield>
    <subfield code="r">2024-01-23 14:31:01</subfield>
    <subfield code="w">2024-01-23</subfield>
    <subfield code="y">BK</subfield>
  </datafield>
  <datafield tag="952" ind1=" " ind2=" ">
    <subfield code="0">0</subfield>
    <subfield code="1">0</subfield>
    <subfield code="2">ddc</subfield>
    <subfield code="4">0</subfield>
    <subfield code="7">0</subfield>
    <subfield code="a">12.28</subfield>
    <subfield code="b">12.28</subfield>
    <subfield code="d">2015-02-06</subfield>
    <subfield code="l">0</subfield>
    <subfield code="o">P Year 5 808</subfield>
    <subfield code="p">00013215SSW</subfield>
    <subfield code="r">2024-01-23 14:31:01</subfield>
    <subfield code="w">2024-01-23</subfield>
    <subfield code="y">BK</subfield>
  </datafield>
  <datafield tag="952" ind1=" " ind2=" ">
    <subfield code="0">0</subfield>
    <subfield code="1">0</subfield>
    <subfield code="4">0</subfield>
    <subfield code="7">0</subfield>
    <subfield code="a">80.1</subfield>
    <subfield code="b">80.1</subfield>
    <subfield code="d">2024-02-09</subfield>
    <subfield code="l">1</subfield>
    <subfield code="o">ROC</subfield>
    <subfield code="p">A25063</subfield>
    <subfield code="r">2024-08-14 18:08:50</subfield>
    <subfield code="s">2024-08-09</subfield>
    <subfield code="w">2024-02-09</subfield>
    <subfield code="y">BK</subfield>
  </datafield>
  <datafield tag="952" ind1=" " ind2=" ">
    <subfield code="0">0</subfield>
    <subfield code="1">0</subfield>
    <subfield code="4">0</subfield>
    <subfield code="7">0</subfield>
    <subfield code="a">12.22</subfield>
    <subfield code="b">12.22</subfield>
    <subfield code="d">2024-04-30</subfield>
    <subfield code="l">0</subfield>
    <subfield code="p">EST00010574</subfield>
    <subfield code="r">2024-04-30 22:13:39</subfield>
    <subfield code="w">2024-04-30</subfield>
    <subfield code="y">BK</subfield>
  </datafield>
  <datafield tag="952" ind1=" " ind2=" ">
    <subfield code="0">0</subfield>
    <subfield code="1">0</subfield>
    <subfield code="4">0</subfield>
    <subfield code="7">0</subfield>
    <subfield code="a">12.22</subfield>
    <subfield code="b">12.22</subfield>
    <subfield code="d">2024-04-30</subfield>
    <subfield code="l">0</subfield>
    <subfield code="o">028.52 ROC AMI</subfield>
    <subfield code="p">EST00010579</subfield>
    <subfield code="r">2024-04-30 22:13:39</subfield>
    <subfield code="w">2024-04-30</subfield>
    <subfield code="y">BK</subfield>
  </datafield>
  <datafield tag="999" ind1=" " ind2=" ">
    <subfield code="c">11210</subfield>
    <subfield code="d">11210</subfield>
  </datafield>
</record>
